[Event "Polanica Zdroj op"]
[Site "Polanica Zdroj"]
[Date "1995.??.??"]
[Round "6"]
[White "Pisulinski, Jan"]
[Black "Przedmojski, Rafal"]
[Result "1/2-1/2"]
[WhiteElo "2390"]
[BlackElo "2315"]

1.d4 f5 2.g3 Nf6 3.Bg2 g6 4.Nf3 Bg7 5.O-O O-O 6.c4 d6 7.Nc3 Nc6 8.d5 Ne5
9.Nxe5 dxe5 10.c5 h6 11.Qb3 Kh8 12.Rd1 g5 13.e3 e4 14.Bd2 h5 15.d6 exd6 16.cxd6 Qxd6
17.Nb5 Qe7 18.Bb4 c5 19.Bc3 Be6 20.Qa3 a6 21.Nd6 b6 22.b4 c4 23.Qb2 Rfd8
24.b5 Rxd6 25.Rxd6 Qxd6 26.Bxf6 Qf8 27.Bd4 Bxd4 28.exd4 Bd7 29.Qe2 Qf7 30.bxa6 g4
31.Rd1 Rxa6 32.d5 b5 33.Qd2 Kh7 34.Bf1 Kg6 35.Qf4 Rxa2 36.Qd6+ Kh7 37.Rb1 Rd2
38.Bxc4 bxc4 39.Rb6 Be6 40.Qxe6 Qxe6 41.dxe6 Rd1+ 42.Kg2 Kg7 43.Rb7+ Kf6
44.e7 Kf7 45.Rc7 Rc1 46.h3 c3 47.hxg4 hxg4 48.Kh2 Ke8 49.Kg2 c2 50.Kh2 Re1
51.Rxc2 Kxe7 52.Rc6 Rd1 53.Kg2 Rd3  1/2-1/2

[Event "Portoroz op"]
[Site "Portoroz"]
[Date "1995.??.??"]
[Round "?"]
[White "Kavsek, Milan"]
[Black "Kusterle, Francesco"]
[Result "0-1"]
[WhiteElo "1860"]
[BlackElo "1660"]

1.d4 f5 2.c4 Nf6 3.Nf3 g6 4.g3 Bg7 5.Bg2 O-O 6.O-O Na6 7.b3 c5 8.Bb2 Ne4
9.Nbd2 e6 10.Rb1 d5 11.a3 cxd4 12.Nxd4 e5 13.N4f3 d4 14.Ne1 Nxd2 15.Qxd2 Be6
16.Bxb7 Nc5 17.Bxa8 Qxa8 18.b4 Ne4 19.Qc2 Ng5 20.f3 f4 21.Nd3 Bf5 22.g4 Bxg4
23.Nf2 Bxf3 24.h4 Rf5 25.Qb3 Bxe2 26.c5+ Kh8 27.Nd1 d3 28.b5 Nf3+ 29.Kf2 Nd4
30.Bxd4 Qf3+ 31.Ke1 Qxf1+ 32.Kd2 exd4 33.Qe6 f3 34.Kc1 Qxd1+ 35.Kb2 Qc2+
36.Ka1 d2  0-1

[Event "Recklinghausen"]
[Site "Recklinghausen"]
[Date "1995.??.??"]
[Round "9"]
[White "Galonska, Joern"]
[Black "Mainka, Romuald"]
[Result "0-1"]
[WhiteElo "2185"]
[BlackElo "2530"]

1.d4 f5 2.c4 Nf6 3.g3 g6 4.Bg2 Bg7 5.Nf3 O-O 6.O-O d6 7.Nc3 Qe8 8.b3 Nc6
9.Ba3 Ne4 10.Qd3 Nxc3 11.Qxc3 f4 12.Qd2 fxg3 13.hxg3 Bg4 14.Bb2 e5 15.dxe5 dxe5
16.Ba3 Rf6 17.Ng5 Rd8 18.Bd5+ Kh8 19.Ne4 Rf5 20.Kg2 Rh5 21.Rh1 Bf5 22.Qe3 Nd4
23.Rxh5 gxh5 24.Ng5 Bg6 25.Rc1 h6 26.Ne4 Nf5 27.Qxa7 c6 28.Qxb7 cxd5 29.Nc5 d4
30.Ne4 Rb8 31.Qd5 h4  0-1

[Event "ROM-chT"]
[Site "ROM"]
[Date "1995.??.??"]
[Round "?"]
[White "Timoshenko, Georgy"]
[Black "Bogdan, Dan"]
[Result "1-0"]
[WhiteElo "2555"]
[BlackElo "2405"]

1.d4 f5 2.Nf3 g6 3.g3 Bg7 4.Bg2 Nf6 5.O-O O-O 6.c4 d6 7.b3 c6 8.Bb2 e5 9.dxe5 Ng4
10.Qd2 dxe5 11.h3 e4 12.Bxg7 Kxg7 13.hxg4 exf3 14.exf3 fxg4 15.f4 Bf5 16.Rd1 Qxd2
17.Nxd2 Re8 18.b4 Na6 19.a3 Rad8 20.Nf1 Bd3 21.Ne3 Be2 22.Re1 Bd3 23.Rad1 Nc7
24.Rd2 Ne6 25.Red1 Bf5 26.Rd7+ Kf6 27.b5 Rxd7 28.Rxd7 Nxf4 29.Nxf5 Nxg2 30.Nh6 Ne1
31.Nxg4+ Ke6 32.Rxb7 cxb5 33.cxb5 Re7 34.Rb8 Kd6 35.a4 Kc7 36.Rf8 Re4 37.Rf7+ Kb6
38.Rf6+ Kb7 39.Ne3 Rxa4 40.Nd5 Ra5 41.Rf7+ Kc8 42.Ne7+ Kd7 43.Nc6+  1-0

[Event "San Juan y Martinez"]
[Site "San Juan"]
[Date "1995.??.??"]
[Round "6"]
[White "Moreno, Alejandro"]
[Black "Borges Mateos, Juan"]
[Result "1/2-1/2"]
[WhiteElo "2455"]
[BlackElo "2400"]

1.d4 f5 2.Nf3 Nf6 3.g3 g6 4.Bg2 Bg7 5.O-O O-O 6.c4 d6 7.Nc3 Na6 8.d5 Nc5
9.Nd4 Bd7 10.b4 e5 11.Nxf5 Bxf5 12.bxc5 dxc5 13.e4 Bd7 14.Be3 b6 15.Qd3 Ne8
16.Rae1 Nd6 17.a4 Qe7 18.a5 Bf6 19.Ra1 Bg5 20.Bxg5 Qxg5 21.Ra2 Qf6 22.Rfa1 Rae8
23.axb6 axb6  1/2-1/2

[Event "Santiago op"]
[Site "Santiago"]
[Date "1995.??.??"]
[Round "?"]
[White "Campos Moreno, Javier B"]
[Black "Permuy, Carlos"]
[Result "1-0"]
[WhiteElo "2455"]
[BlackElo "2350"]

1.d4 f5 2.g3 Nf6 3.Bg2 g6 4.Nf3 Bg7 5.O-O O-O 6.c4 d6 7.Nc3 Qe8 8.d5 a5 9.Ne1 Na6
10.Nd3 Rb8 11.Rb1 e5 12.dxe6 Bxe6 13.b3 Bf7 14.Qd2 a4 15.Bb2 axb3 16.axb3 Qd7
17.Nf4 Nc5 18.Ncd5 Bxd5 19.Bxd5+ Kh8 20.Qc2 g5 21.Nd3 Nce4 22.Ne1 Nxd5 23.cxd5 Nf6
24.Nf3 h6 25.Rfd1 Ra8 26.Bxf6 Bxf6 27.Nd4 Bxd4 28.Rxd4 Rf7 29.Rc1 Re8 30.e3 Qb5
31.h4 Re5 32.hxg5 hxg5 33.Qc4 Qxc4 34.bxc4 b6 35.Ra1 Re8 36.Kg2 Kg7 37.g4 Kg6
38.gxf5+ Kxf5 39.Kf3 Rh8 40.Ke2 Re7 41.Rg1 Rh5 42.Kd3 Rh4 43.f3 Rxd4+ 44.Kxd4 Rh7
45.Ra1 Rh3 46.Ra7 Rh7 47.Ra8 Rf7 48.Rg8 Kf6 49.Kd3 Kf5 50.Kd4 Kf6 51.e4 Ke7
52.Ke3 Kf6 53.Re8 Re7 54.Rc8 Rg7 55.Kd4 Rf7 56.Re8 Kg7 57.Ke3 Kg6 58.Re6+ Rf6
59.Rxf6+ Kxf6 60.Kd4 Kf7 61.e5 Kg7  1-0

[Event "Schwaebisch Gmuend op"]
[Site "Schwaebisch Gmuend"]
[Date "1995.??.??"]
[Round "?"]
[White "Kupreichik, Viktor D"]
[Black "Mainka, Romuald"]
[Result "0-1"]
[WhiteElo "2500"]
[BlackElo "2515"]

1.c4 f5 2.g3 Nf6 3.Bg2 g6 4.Nf3 Bg7 5.O-O O-O 6.d4 d6 7.Nc3 Qe8 8.d5 a5 9.Be3 h6
10.Bd4 c5 11.dxc6 bxc6 12.Na4 Nbd7 13.Bc3 Ra6 14.Nd4 Ne5 15.c5 Ne4 16.Qb3+ d5
17.f4 Nc4 18.Bxe4 fxe4 19.Nc2 e5 20.fxe5 Rxf1+ 21.Rxf1 Bh3 22.Rf2 e3 23.Rf4 Ra8
24.e6 Rb8 25.Rf7 Bf8 26.Nb6 Qxe6 27.Rf4 Bxc5 28.Nd4 Qe8 29.Qc2 Bxb6 30.Rf6 Kh7
31.Nxc6 Rb7 32.b3 Nd2 33.Ne5 Ne4 34.Rf4 Rc7 35.Nc4 Nxc3 36.Nd6 Nxe2+ 37.Qxe2 Rc1+  0-1

[Event "ESP-chTa"]
[Site "Spain"]
[Date "1995.??.??"]
[Round "2"]
[White "Herraiz Hidalgo, Herminio"]
[Black "Ochoa de Echaguen, F Javier"]
[Result "1/2-1/2"]
[WhiteElo "2260"]
[BlackElo "2455"]

1.d4 f5 2.Nf3 Nf6 3.g3 g6 4.Bg2 Bg7 5.O-O O-O 6.c4 d6 7.d5 c5 8.Nc3 Na6 9.Rb1 Nc7
10.b4 Nd7 11.Nb5 a6 12.Na3 cxb4 13.Rxb4 Nc5  1/2-1/2

[Event "ESP-chTa"]
[Site "Spain"]
[Date "1995.??.??"]
[Round "8"]
[White "Calvo, Jesus Maria"]
[Black "Ochoa de Echaguen, F Javier"]
[Result "1/2-1/2"]
[WhiteElo "2295"]
[BlackElo "2455"]

1.d4 f5 2.Nf3 Nf6 3.g3 g6 4.Bg2 Bg7 5.c4 O-O 6.O-O d6 7.Nc3 c6 8.d5 e5 9.dxe6 Bxe6
10.Qd3 Ng4 11.Bg5 Qc7 12.Nd4 Bf7 13.b3 Na6 14.Rad1 Nc5 15.Qd2 Rfe8 16.Bf4 Rad8
17.f3 Ne5 18.Kh1 Qa5 19.Qc2 Ne6 20.Nxe6 Bxe6 21.Bd2 Qc7 22.e4 d5 23.exd5 cxd5
24.Bg5 Rd7 25.Nb5 Qc5 26.Nd4 dxc4 27.Nxe6 Rxe6 28.Rxd7 Nxd7 29.Qxc4 Qxc4
30.bxc4 Re2 31.f4 Nc5 32.Rd1 h6 33.Bh4 Kf7 34.h3 Bf6 35.Bxf6 Kxf6 36.Rd6+ Re6
37.Rd8 b6 38.g4 Re2  1/2-1/2

[Event "JUG-chT"]
[Site "Tivat"]
[Date "1995.??.??"]
[Round "3"]
[White "Micic, Cedomir"]
[Black "Pantos, Nenad"]
[Result "1/2-1/2"]
[WhiteElo "2350"]
[BlackElo "2275"]

1.c4 f5 2.d4 Nf6 3.g3 g6 4.Bg2 Bg7 5.Nf3 O-O 6.O-O d6 7.Nc3 Qe8 8.b3 e5 9.dxe5 dxe5
10.e4 f4 11.Nd5 Na6 12.Ba3 Rf7 13.Ng5 Rd7 14.Bh3 Rxd5 15.cxd5 Bxh3 16.Nxh3 Nxe4
17.Re1 Nc3 18.Qg4 fxg3 19.Qxg3 e4 20.Bb2 Nxd5 21.Bxg7 Kxg7 22.Ng5 e3 23.fxe3 h6
24.Nf3 Nc5 25.Rad1 Ne4 26.Qg2 c6 27.Rd4 Qe6 28.Nd2 Nd6 29.Nc4 Nf5 30.Re4 Qf6
31.Ne5 Re8 32.Nc4 Qc3 33.Rf1 Rxe4 34.Qxe4 h5 35.Qe5+ Qxe5 36.Nxe5 Ndxe3 37.Re1 Kf6
38.Nc4 Nd5 39.Re8 g5 40.Na5 g4 41.Nxb7 h4 42.Nc5 Nd4 43.Re4 Nf3+ 44.Kg2 Kf5
45.Re8 Nf4+ 46.Kf2 Nxh2 47.Rf8+ Ke5 48.Nd7+ Ke4 49.Nc5+ Ke5 50.Nd7+  1/2-1/2

[Event "FRA-ch (Women)"]
[Site "Toulouse"]
[Date "1995.??.??"]
[Round "2"]
[White "Flear, Christine"]
[Black "Joanovits, Marion"]
[Result "1-0"]
[WhiteElo "2235"]
[BlackElo "1920"]

1.d4 f5 2.Nf3 Nf6 3.c4 g6 4.g3 Bg7 5.Bg2 O-O 6.O-O d6 7.Nc3 Nc6 8.d5 Ne5
9.Qb3 Ned7 10.Rb1 Nc5 11.Qc2 a5 12.b3 Bd7 13.Rd1 Qe8 14.Nd4 c6 15.Ba3 Na6
16.e3 Rb8 17.Qd2 c5 18.Nf3 h6 19.h4 b6 20.Re1 Rb7 21.Rbc1 Nb4 22.e4 fxe4
23.Nxe4 Nxe4 24.Rxe4 Bf5 25.Re3 Kh7 26.Bf1 Qf7 27.Bb2 Bxb2 28.Qxb2 Qf6 29.Qd2 Kg7
30.a3 Na6 31.Rce1 Rf7 32.h5 g5 33.Bd3 Kf8 34.Nh2 Bxd3 35.Rxd3 Qg7 36.Re6 Nc7
37.Rg6 Qa1+ 38.Kg2 Rf6 39.Rf3 Ne8 40.Rxh6 Rxf3 41.Nxf3  1-0

[Event "Velden op"]
[Site "Velden"]
[Date "1995.??.??"]
[Round "6"]
[White "Horvath, Csaba"]
[Black "Neulinger, Manfred"]
[Result "1-0"]
[WhiteElo "2530"]
[BlackElo "2285"]

1.d4 f5 2.g3 Nf6 3.Bg2 g6 4.Nf3 Bg7 5.O-O O-O 6.c4 d6 7.d5 Na6 8.Nc3 Qe8
9.Rb1 c6 10.dxc6 bxc6 11.b4 Bd7 12.a3 Nc7 13.Bb2 Ne6 14.Qd3 Rc8 15.e4 Ng4
16.Ne2 Bxb2 17.Rxb2 f4 18.Bh3 h5 19.e5 fxg3 20.hxg3 Rxf3 21.Qxf3 Nxe5 22.Qc3 Nf3+
23.Qxf3 Ng5 24.Qe3 Nxh3+ 25.Kh2 Qf7 26.c5 Rf8 27.f3 Qf6 28.Qd4 Qf5 29.cxd6 Ng5
30.Ng1 e5 31.Qe3 e4 32.f4 Be6 33.Re1 h4 34.fxg5 Qe5 35.Rd2 Rf7 36.Kg2 Rf3
37.Nxf3 exf3+ 38.Kh1 Qxe3 39.Rxe3 Bd5 40.Rxd5 f2 41.Rd1  1-0

[Event "Vienna op"]
[Site "Vienna"]
[Date "1995.??.??"]
[Round "5"]
[White "Vigh, Bela"]
[Black "Wohlfahrt, Herbert J"]
[Result "1-0"]
[WhiteElo "2355"]
[BlackElo "2235"]

1.d4 f5 2.c4 Nf6 3.g3 g6 4.Bg2 Bg7 5.Nf3 O-O 6.O-O d6 7.d5 c6 8.Nc3 e5 9.dxe6 Bxe6
10.Qd3 Qe7 11.Nd4 Na6 12.b3 Bf7 13.Bb2 Nc5 14.Qc2 Nce4 15.Rad1 Rad8 16.e3 Nxc3
17.Qxc3 Qc7 18.Ne2 Rfe8 19.Rd3 d5 20.c5 Re7 21.b4 a6 22.a4 Be8 23.Qb3 Ng4
24.Bxg7 Kxg7 25.f4 Bd7 26.Qc3+ Nf6 27.Nd4 Kf7 28.Nf3 Rde8 29.Ng5+ Kg7 30.Nxh7 Kxh7
31.Qxf6 Rxe3 32.Rxe3 Rxe3 33.Qf7+ Kh6 34.g4 Qd8 35.g5+ Kh5 36.Bf3+ Rxf3 37.Rxf3 Kg4
38.Kg2 Qh8 39.Qxd7 Qb2+ 40.Rf2  1-0

[Event "CUB-ch sf"]
[Site "Villa Clara"]
[Date "1995.??.??"]
[Round "5"]
[White "Moreno, Alejandro"]
[Black "Espinoza Flores, Rafael"]
[Result "1-0"]
[WhiteElo "2445"]
[BlackElo "2405"]

1.d4 f5 2.g3 Nf6 3.Bg2 g6 4.Nf3 Bg7 5.O-O O-O 6.c4 d6 7.Nc3 Qe8 8.d5 e5 9.dxe6 Bxe6
10.Ng5 Nc6 11.Nxe6 Qxe6 12.Bd5  1-0

[Event "NZL-ch"]
[Site "Wellington"]
[Date "1995.??.??"]
[Round "3"]
[White "Stuart, Peter"]
[Black "Garbett, Paul Anthony"]
[Result "1-0"]
[WhiteElo "2195"]
[BlackElo "2300"]

1.Nf3 f5 2.g3 Nf6 3.Bg2 g6 4.d4 Bg7 5.c4 O-O 6.O-O d6 7.Nc3 c6 8.d5 e5 9.dxe6 Bxe6
10.Qd3 Na6 11.Bf4 Ne8 12.Ng5 Nc5 13.Nxe6 Nxe6 14.Rfd1 Nxf4 15.gxf4 Qe7 16.e3 a5
17.Rab1 Qc7 18.b3 Rf7 19.Ne2 Re7 20.a3 Qb6 21.b4 axb4 22.axb4 Ra4 23.c5 Qa7
24.cxd6 Rd7 25.Qc4+ Kf8 26.Qe6 Nf6 27.b5 cxb5 28.Nc3 Ra6 29.Nxb5 Qa8 30.Nc7 Rxc7
31.dxc7 Rxe6 32.Rd8+ Re8 33.Rxa8 Rxa8 34.Bxb7 Re8 35.c8=Q Rxc8 36.Bxc8 Ne4
37.Rb8 Ke7 38.Rb7+ Kf6 39.Ra7 Nd6 40.Be6 Bf8 41.Bb3 h6 42.h4 Be7 43.Kf1 Ne4
44.Bd5 Nd6 45.Ke2 Nb5 46.Ra6+ Kg7 47.Bc4 Nc3+ 48.Kd3 Ne4 49.Ra7 Kf8 50.f3 Ng3
51.Kd4 Bxh4 52.Rf7+ Ke8 53.Rh7 Kf8 54.Rxh6 Bf6+ 55.Kd5 Kg7 56.Rh3 Nh5 57.Ke6 Bd8
58.Rxh5 gxh5 59.Kxf5 Bb6 60.e4 Be3 61.e5 h4 62.Bf1 Kf7 63.Ke4 Bf2 64.f5 Bc5
65.Bh3 Bb4 66.f4 Bd2 67.Kf3 Kg7 68.Kg4 Kh6 69.Bg2 Bc1 70.f6 Kg6 71.Be4+ Kf7
72.Kf5 h3 73.e6+  1-0

[Event "EU-ch U16 Girls"]
[Site "Zagan"]
[Date "1995.??.??"]
[Round "3"]
[White "Andreeva, Natalija"]
[Black "Iwaniuk, Dorota"]
[Result "1-0"]
[WhiteElo "2170"]
[BlackElo "2090"]

1.Nf3 f5 2.g3 g6 3.Bg2 Bg7 4.d4 Nf6 5.O-O O-O 6.c4 d6 7.Nc3 Nc6 8.d5 Ne5
9.Nxe5 dxe5 10.Qc2 e4 11.Rd1 h6 12.f3 exf3 13.exf3 c6 14.Be3 cxd5 15.Nxd5 Nxd5
16.Rxd5 Qe8 17.f4 Be6 18.Rb5 Rc8 19.Rxb7 Rxc4 20.Qd3 Qc8 21.Rxe7 Rd8 22.Qf1 Bd4
23.Bxd4 Rdxd4 24.Qe1 Bf7 25.Re2 Rd7 26.b3 Rcd4 27.Qf2 Qc3 28.Rae1 Rd1 29.Qe3 R7d3
30.Qe5 Qc1 31.Rxd1 Rxd1+ 32.Kf2 h5 33.Qb8+ Kg7 34.Qxa7 h4 35.Qe3 Qb1 36.Qc3+ Kg8
37.Qc2 Rc1 38.Qxb1 Rxb1 39.gxh4 Rd1 40.Ke3 Kh7 41.Rd2 Re1+ 42.Kd3 Kh6 43.b4 Rb1
44.Kc3 Kh5 45.Bf3+ Kh6 46.Bd5 Be8 47.Bb3 Rf1 48.Rd4 Rf3+ 49.Kc4 Rh3 50.Kc5 Rxh4
51.Rd8 Rxf4 52.Rxe8 Rf1 53.b5 f4 54.b6 f3 55.Rf8 f2 56.Bc4  1-0

[Event "EU-ch U18"]
[Site "Zagan"]
[Date "1995.??.??"]
[Round "5"]
[White "Muningis, Paulius"]
[Black "Guerrieri, Lorenzo"]
[Result "1-0"]
[WhiteElo "2095"]
[BlackElo "2210"]

1.d4 f5 2.Nf3 Nf6 3.g3 g6 4.Bg2 Bg7 5.O-O O-O 6.c4 d6 7.Nc3 Nc6 8.d5 Ne5
9.Nxe5 dxe5 10.e4 f4 11.f3 e6 12.Qe2 exd5 13.cxd5 Nh5 14.g4 Nf6 15.Bd2 Ne8
16.Be1 Bf6 17.Rc1 Be7 18.Bf2 Bd6 19.Qc4 a6 20.a4 Qe7 21.a5 Rf7 22.Na4 Bd7
23.Rfd1 Bb5 24.Qb3 Bb4 25.Nc3 Bd7 26.Bf1 h5 27.gxh5 gxh5 28.d6 Bxd6 29.Bc4 Bh3
30.Kh1 Rb8 31.Rg1+ Kf8 32.Bh4 Qxh4 33.Bxf7  1-0

[Event "Zaragoza op-A"]
[Site "Zaragoza"]
[Date "1995.??.??"]
[Round "9"]
[White "Suba, Mihai"]
[Black "Mellado Trivino, Juan"]
[Result "1/2-1/2"]
[WhiteElo "2475"]
[BlackElo "2445"]

1.d4 f5 2.g3 g6 3.Bg2 Bg7 4.Nf3 Nf6 5.O-O O-O 6.c4 d6 7.Nc3 c6 8.d5 e5 9.dxe6 Bxe6
10.Qd3 Ng4  1/2-1/2

[Event "AUT-chT2W 9596"]
[Site "Austria"]
[Date "1996.??.??"]
[Round "?"]
[White "Bachmayr, Peter"]
[Black "Mathe, Gaspar"]
[Result "1/2-1/2"]
[WhiteElo "2265"]
[BlackElo "2415"]

1.d4 f5 2.Nf3 Nf6 3.g3 g6 4.Bg2 Bg7 5.O-O O-O 6.c4 d6 7.Nc3 c6 8.Bf4 Qe8
9.e3 Nbd7 10.d5 cxd5 11.cxd5 b6 12.Rc1 Bb7 13.Ng5 Rc8 14.Ne6 Rf7 15.Nxg7 Kxg7
16.Qa4 Nc5 17.Qxa7 Qd7 18.Qxb6  1/2-1/2

[Event "AUT-chT2O 9697"]
[Site "Austria"]
[Date "1996.??.??"]
[Round "7"]
[White "Humer, Wolfgang"]
[Black "Bukacek, Emil"]
[Result "0-1"]
[WhiteElo "2285"]
[BlackElo "2320"]

1.Nf3 f5 2.c4 Nf6 3.d4 g6 4.g3 Bg7 5.Bg2 O-O 6.O-O d6 7.Nc3 c6 8.b3 Na6 9.Bb2 Qe8
10.d5 Bd7 11.Nd4 Rc8 12.Qd2 Nc5 13.f3 e5 14.dxc6 bxc6 15.Nc2 Nb7 16.Rad1 Be6
17.Qe3 Rf7 18.Nb4 a5 19.Nd3 Nh5 20.Qd2 Rd7 21.Na4 Rdd8 22.Qe1 Bf7 23.e4 Rc7
24.Nb6 fxe4 25.fxe4 Nf6 26.Kh1 Nd7 27.Na4 Nf8 28.Bc1 Ne6 29.Nf2 Nd4 30.Bg5 Qf8
31.Ng4 h6 32.Nf6+ Bxf6 33.Rxf6 Re7 34.Qd2  0-1

[Event "AUT-chT9596"]
[Site "?"]
[Date "1996.??.??"]
[Round "?"]
[White "Miniboeck, Guenter"]
[Black "Moser, Guenter"]
[Result "1/2-1/2"]
[WhiteElo "2350"]
[BlackElo "2325"]

1.d4 f5 2.Nf3 Nf6 3.c4 g6 4.g3 Bg7 5.Bg2 O-O 6.O-O d6 7.Nc3 c6 8.d5 e5 9.dxe6 Bxe6
10.Qd3 Na6 11.Ng5 Bc8 12.Bf4 Ne8 13.Rfd1 Qf6 14.h4 h6 15.Nf3 Be6 16.Rac1 Kh7
17.b3 Rf7 18.Nd4 Nc5 19.Qc2 Rd8 20.e4 Bc8 21.exf5 gxf5 22.b4 Ne6 23.Nxe6 Bxe6
24.Ne2 Kh8 25.Rd2 a6 26.a4 d5 27.cxd5 Bxd5 28.Bxd5 cxd5 29.Rcd1 Rfd7 30.Nd4 Rf7
31.Nf3 Rfd7 32.Ne5 Rd6 33.Qb3 Qe6 34.Nf3 R6d7 35.Re1 Qf7 36.Nd4 Bxd4 37.Rxd4 Kh7
38.Re5 Ng7 39.Be3 Qf6 40.a5 Rd6 41.Qd3 Qf7 42.Bd2 R8d7 43.Kh2 Kg8 44.Bc3 Rd8
45.Bb2 Qd7 46.Qf3 Qf7 47.Qd3 Qd7 48.Qf3 Qf7 49.Qd3  1/2-1/2

[Event "Balatonbereny op"]
[Site "Balatonbereny"]
[Date "1996.??.??"]
[Round "1"]
[White "Arnold, Johannes"]
[Black "Krizsany, Laszlo"]
[Result "0-1"]
[WhiteElo "2190"]
[BlackElo "2430"]

1.d4 f5 2.c4 Nf6 3.g3 g6 4.Bg2 Bg7 5.Nf3 O-O 6.O-O d6 7.Nc3 Qe8 8.d5 Na6
9.Be3 c6 10.Rb1 Bd7 11.b4 Ng4 12.Bd4 Bxd4 13.Nxd4 c5 14.bxc5 Nxc5 15.Ne6 Bxe6
16.dxe6 Rb8 17.e4 Ne5 18.exf5 Rxf5 19.Qe2 Nc6 20.Bd5 Qf8 21.f4 Qg7 22.Ne4 Qd4+
23.Nf2 Rc8 24.Rfd1 Qc3 25.Ne4 Nxe4 26.Bxe4 Rc5 27.Rxb7 Re8 28.Bxc6 Rxc6 29.Rxa7 Rxc4
30.Qd2 Qf3 31.Re1 Qc6 32.Qg2 Qc5+ 33.Qf2 Qc6 34.Qg2 Qc5+ 35.Qf2 Qb4 36.Ra6 Rc2
37.Qxc2 Qxe1+ 38.Kg2 Rb8 39.Qc4 Qd2+ 40.Kf3 Rb2 41.Rc6 Qd1+ 42.Ke3 Qe1+  0-1

[Event "Barcelona op"]
[Site "Barcelona"]
[Date "1996.??.??"]
[Round "?"]
[White "Comas Fabrego, Luis"]
[Black "Ochoa de Echaguen, F Javier"]
[Result "1-0"]
[WhiteElo "2470"]
[BlackElo "2410"]

1.d4 f5 2.g3 Nf6 3.Bg2 g6 4.Nf3 Bg7 5.O-O O-O 6.c4 d6 7.d5 c6 8.Nc3 e5 9.dxe6 Bxe6
10.b3 Na6 11.Ng5 Bc8 12.Bb2 Qe7 13.Qd2 h6 14.Nf3 Be6 15.Nd4 Bf7 16.Rad1 Rad8
17.Bxc6 bxc6 18.Nxc6 Qb7 19.Nxd8 Rxd8 20.Nb5 Ne4 21.Qa5 Rd7 22.Bxg7 Kxg7
23.Nxd6 Rxd6 24.Rxd6 Nac5 25.Rfd1 Qe7 26.Rc6 f4 27.Rc7 Qf6 28.Qxa7 fxg3 29.Rxf7+ Qxf7
30.Qxf7+ Kxf7 31.hxg3 Nc3 32.Rd2 N5e4 33.Rc2 Nd1 34.c5 Ke7 35.c6 Kd8 36.c7+ Kc8
37.Rc6 Ndxf2 38.Rxg6 h5 39.Re6 Kxc7 40.Kg2 Kd7 41.Re5 Nf6 42.Rxh5 Nxh5 43.Kxf2 Nf6
44.Kf3 Ke6 45.a4 Nd5 46.Kg4 Kf6 47.Kh5 Kf7 48.Kg5 Nb6  1-0

[Event "Barcelona op"]
[Site "Barcelona"]
[Date "1996.??.??"]
[Round "?"]
[White "Campos Moreno, Javier B"]
[Black "De la Riva Aguado, Oscar"]
[Result "1-0"]
[WhiteElo "2475"]
[BlackElo "2470"]

1.d4 f5 2.g3 Nf6 3.Bg2 g6 4.Nf3 Bg7 5.O-O O-O 6.c4 d6 7.Nc3 Nc6 8.d5 Ne5
9.Qb3 Nxf3+ 10.Bxf3 Nd7 11.Bg2 e5 12.dxe6 Nc5 13.Qc2 Bxe6 14.b3 c6 15.e3 a5
16.Bb2 Qe7 17.Ne2 Rfd8 18.Bxg7 Qxg7 19.Nd4 Bf7 20.Rad1 Qe5 21.Rfe1 Ne4 22.f4 Qe7
23.g4 c5 24.gxf5 cxd4 25.Qxe4 Qxe4 26.Bxe4 dxe3 27.fxg6 hxg6 28.Rxe3 Re8
29.Kf2 a4 30.Rxd6 axb3 31.axb3 Ra2+ 32.Kg3 Kg7 33.Rd7 Ra6 34.Rxb7  1-0

[Event "Oberliga Bayern9697"]
[Site "Bayern"]
[Date "1996.??.??"]
[Round "?"]
[White "Kraeussling, Andreas"]
[Black "Urban, Michael"]
[Result "1-0"]
[WhiteElo "2290"]
[BlackElo "2190"]

1.d4 f5 2.Nf3 Nf6 3.c4 g6 4.g3 Bg7 5.Bg2 O-O 6.O-O d6 7.b3 Qe8 8.Bb2 c6 9.Qc2 Na6
10.Nbd2 h6 11.Rae1 Qf7 12.e4 fxe4 13.Nxe4 Nxe4 14.Qxe4 Bf5 15.Qxe7 Bd3 16.Qxd6 Rad8
17.Qe7 Bxf1 18.Kxf1 Rfe8 19.Qxf7+ Kxf7 20.Rxe8 Rxe8 21.Ne5+ Bxe5 22.dxe5 Nb4
23.f4 Nxa2 24.g4 Ke6 25.Ke2 Nb4 26.Be4 Kf7 27.h4 a5 28.h5 gxh5 29.gxh5 Rg8
30.Bg6+ Rxg6 31.hxg6+ Kxg6 32.e6 Na6 33.Be5 b5 34.f5+  1-0

[Event "Regionalliga SO9596"]
[Site "Bayern"]
[Date "1996.??.??"]
[Round "?"]
[White "Kohout, Peter"]
[Black "Gradwohl, Manfred"]
[Result "1-0"]
[WhiteElo "2290"]
[BlackElo "2140"]

1.Nf3 f5 2.d4 Nf6 3.c4 g6 4.g3 Bg7 5.Bg2 O-O 6.O-O d6 7.Nc3 Qe8 8.d5 a5 9.Be3 h6
10.Qd2 Kh7 11.Rab1 Na6 12.b3 Bd7 13.a3 Nc5 14.Bxc5 dxc5 15.Ne5 Rd8 16.Nxd7 Qxd7
17.Qc2 Kh8 18.e3 b6 19.Ne2 e5 20.dxe6 Qxe6 21.Nf4 Qf7 22.Rfd1 g5 23.Ne2 Rxd1+
24.Rxd1 Ne4 25.Bxe4 fxe4 26.Nc3 Bxc3 27.Qxc3+ Kg8 28.Qc2 Qe6 29.a4 Qf5 30.Rd5 Qf3
31.Rd7 Rf6 32.Qd2 Rd6 33.Rxd6 cxd6 34.Qxd6 Kg7 35.h3 h5 36.Qc7+ Kg8 37.Qd8+ Kf7
38.Qxg5 Qd1+ 39.Kh2 Qxb3 40.Qxh5+ Kf6 41.Qh6+ Kf7 42.Qh7+ Kf6 43.Qxe4 Qxa4
44.g4 Qd1 45.Qf5+ Ke7 46.g5 a4 47.Qf6+ Kd7 48.g6  1-0

[Event "Regionalliga SO9697"]
[Site "Bayern"]
[Date "1996.??.??"]
[Round "?"]
[White "Bielmeier, Ludwig"]
[Black "Middelhoff, Cornelius"]
[Result "1/2-1/2"]
[WhiteElo "2070"]
[BlackElo "2045"]

1.d4 f5 2.g3 Nf6 3.Bg2 g6 4.Nf3 Bg7 5.c4 O-O 6.O-O d6 7.d5 Na6 8.Nc3 Qe8
9.Rb1 Bd7 10.b3 c5 11.a4 Nc7 12.Bb2 b6 13.Qc1 a6 14.Ra1 b5 15.axb5 axb5 16.Rxa8 Qxa8
17.Qc2 bxc4 18.bxc4 Rb8 19.Nd2 Na6 20.Ra1 Qb7 21.Nd1 Nb4 22.Qc1 Ra8 23.Nc3 Ra6
24.Rxa6 Qxa6 25.Qa1 Qxa1+ 26.Bxa1 Ne8 27.Kf1 Nc7 28.Nb3 Na8 29.Nb5 Bxa1 30.Nxa1 Bxb5
31.cxb5 Nb6 32.Nb3 N4xd5 33.Na5 Nc7 34.Bc6 Kf7 35.Ke1 e6 36.f3 Ke7 37.Nb7 c4
38.Kd2 d5 39.Kc3 e5 40.Kb4 d4 41.Na5 c3 42.Kc5 Na4+ 43.Kb4 c2 44.Nb3 Nc3
45.Nc1 Kd6 46.Kc4 Ne6 47.e3 Nd1 48.exd4 Nxd4 49.Ba8 Ne3+ 50.Kd3 Nd5 51.Bxd5 Kxd5
52.b6 Kc6 53.f4 Nf3 54.fxe5 Nxh2 55.Kxc2 Kxb6 56.Kd3 Nf3 57.e6 Kc6 58.Ke3 Ng5
59.Kf4 Nxe6+ 60.Ke5 Ng5 61.Ne2 Kc5 62.Kf4 Nf7 63.g4 fxg4 64.Kxg4 Kd5 65.Kf4 Ke6
66.Nc3 h6 67.Ne4 Nd6 68.Nc5+ Kf6 69.Nd7+ Kg7 70.Ke5 Nf7+ 71.Kf4 h5 72.Nc5 Kh6
73.Nd7 Kg7 74.Nc5  1/2-1/2

[Event "Regionalliga NO9596"]
[Site "Bayern"]
[Date "1996.??.??"]
[Round "?"]
[White "Franz, Gerhard"]
[Black "Kotissek, Philipp"]
[Result "0-1"]
[WhiteElo "2000"]
[BlackElo "2005"]

1.d4 f5 2.Nf3 Nf6 3.g3 g6 4.Bg2 Bg7 5.O-O O-O 6.c4 d6 7.Nc3 Nc6 8.Rb1 Ne4
9.Nxe4 fxe4 10.Ng5 Nxd4 11.Bxe4 c6 12.e3 Nf5 13.b4 e5 14.Nf3 Ne7 15.Ne1 Bf5
16.Bxf5 gxf5 17.Qb3 Ng6 18.Ng2 Qe7 19.b5 e4 20.Bb2 Rad8 21.Bxg7 Qxg7 22.bxc6 bxc6
23.Qb7 Ne5 24.Qxg7+ Kxg7 25.Nf4 Kf6 26.Rb7 Rf7 27.Rfb1 Rdd7 28.Rxd7 Rxd7
29.Rb8 Nxc4 30.Rf8+ Rf7 31.Re8 Re7 32.Rf8+ Ke5 33.Ne2 c5 34.g4 fxg4 35.Rg8 Nd2
36.Rxg4 Nf3+ 37.Kh1 Rb7 38.Nc3 d5 39.Rg8 d4 40.exd4+ Kxd4 41.Ne2+ Kd3 42.Ng3 Rb2
43.Rd8+ Nd4 44.Re8 Rxf2 45.Nxe4 Rc2 46.Re5 Nf3 47.Nxc5+ Kd4 48.Rh5 Rxc5 49.Rxh7 Rc2  0-1

[Event "Biel op MTO"]
[Site "Biel"]
[Date "1996.??.??"]
[Round "1"]
[White "Cvitan, Ognjen"]
[Black "Buchal, Stephan"]
[Result "1-0"]
[WhiteElo "2535"]
[BlackElo "2280"]

1.d4 g6 2.c4 Bg7 3.Nf3 f5 4.g3 Nf6 5.Bg2 O-O 6.O-O d6 7.Nc3 c6 8.b3 a5 9.Bb2 Na6
10.Re1 Ne4 11.Qb1 Nxc3 12.Bxc3 Rb8 13.Qb2 Bd7 14.Qd2 b6 15.Rac1 Nc7 16.d5 c5
17.e4 f4 18.Bxg7 Kxg7 19.gxf4 Ne8 20.Rc3 Nf6 21.f5 gxf5 22.Nh4 Rg8 23.exf5 Qf8
24.Rg3+ Kh8 25.Qc3 Re8 26.Ree3 Qf7 27.Be4 Rg7 28.Rxg7 Qxg7+ 29.Rg3 Qf7 30.Bc2 Rg8
31.Nf3 Rg7 32.Ng5 Qh5 33.Ne6 Bxe6 34.fxe6 Rxg3+ 35.hxg3 Kg7 36.Kg2 Kg8 37.Qf3 Ng4
38.Be4 Qh2+ 39.Kf1 Nf6 40.Qf5 Qh6  1-0

[Event "Biel Credis"]
[Site "Biel"]
[Date "1996.??.??"]
[Round "10"]
[White "Kelecevic, Nedeljko"]
[Black "Lutz, Christopher"]
[Result "1/2-1/2"]
[WhiteElo "2475"]
[BlackElo "2565"]

1.d4 f5 2.Nf3 Nf6 3.g3 g6 4.Bg2 Bg7 5.O-O O-O 6.c4 d6 7.Nc3 Qe8 8.d5 Na6
9.Rb1 Bd7 10.b4 c6 11.dxc6 bxc6 12.b5 cxb5 13.cxb5 Nc5 14.Nd4 Nce4 15.Nxe4 Nxe4
16.a4 Qf7 17.Bxe4 fxe4 18.Be3 Rfc8 19.Rc1 Rxc1 20.Qxc1 Rc8 21.Nc6 a6 22.Qc2 axb5
23.axb5 Qe6 24.Rc1 Kf7 25.Bb6 Qd5 26.Qa4 Bf6 27.Rd1  1/2-1/2

[Event "Budapest FS04 GM"]
[Site "Budapest"]
[Date "1996.??.??"]
[Round "1"]
[White "Stocek, Jiri"]
[Black "Hoang Than Trang"]
[Result "1/2-1/2"]
[WhiteElo "2465"]
[BlackElo "2360"]

1.d4 f5 2.Nf3 Nf6 3.g3 g6 4.Bg2 Bg7 5.O-O O-O 6.c4 d6 7.Nc3 Qe8 8.Nd5 Nxd5
9.cxd5 Qb5 10.Ng5 h6 11.Nh3 g5 12.Re1 Qb6 13.e3 Nd7 14.Bd2 Nf6 15.Bc3 Bd7
16.f4 g4 17.Nf2 c6 18.dxc6 bxc6 19.Kh1 Rae8 20.e4 fxe4 21.Nxe4 Bf5 22.Nxf6+ Bxf6
23.Qb3+ d5 24.Qa4 e6 25.Rad1 Rb8 26.Rd2 Kf7 27.Rc1 Rfc8 28.Ba5 Qb5 29.Qa3 Be7
30.b4 Kg6 31.Rdd1 Rb7 32.Kg1 Bxb4 33.Bxb4 Qxb4 34.Qa6 Qb6 35.Qa3 Qb2 36.Qa6 Rbc7
37.Rc5 Rb8 38.Rxc6 Rxc6 39.Qxc6 Qxa2 40.Re1 Kf6 41.Qd6 Qb2 42.Qe5+ Kg6 43.Bxd5 Rb5
44.Qh8 Rxd5 45.Qe8+  1/2-1/2